| 000 | 00755nam a22002417a 4500 | ||
|---|---|---|---|
| 999 |
_c5024 _d5024 |
||
| 003 | AR-CdUCM | ||
| 008 | 190311b ||||| |||| 00| 0 spa d | ||
| 040 |
_aMUNICIPALIDAD PROVINCIAL DEL CUSCO _cBIBLIOTECA MUNICIPAL DEL CUSCO |
||
| 082 |
_a343.892 / _bG81 |
||
| 100 |
_aGrellaud, Guillermo D. _915351 |
||
| 245 | _aJurisprudencia Fiscal / | ||
| 260 |
_aLima : _bNueva Educación, _c1973. |
||
| 300 |
_a486 páginas ; _c24 cm. |
||
| 505 | _aContenido: Leyes y jurisprudencia fiscal. | ||
| 650 |
_aJurisprudencia. _9927 |
||
| 650 |
_aJurisprudencia fiscal. _915352 |
||
| 650 |
_aDerecho. _9739 |
||
| 650 |
_aLeyes. _94808 |
||
| 700 |
_aAllemant, Humberto _915353 |
||
| 700 |
_aVidal H, Enrique (prologo) _915354 |
||
| 942 |
_2ddc _cLIBROS |
||
| 945 | _awfj | ||